Southville International School and Colleges
Your cart is empty.
  • Cart
  • Lists
    Public lists Eva Luna New books Lux_list list_1
    Your lists Log in to create your own lists
  • Log in to your account
  • Your cookies
  • Search history
Southville International School and Colleges
  • Advanced search
  • Recent comments
  • Most popular
  • Libraries

Log in to your account

Log in with GOOGLE


If you do not have an external account, but do have a local account, you can still log in:

  1. Home
  2. MARC view: Practicum manual : college of hospitality and tourism management
Normal view MARC view ISBD view

Practicum manual : college of hospitality and tourism management (Record no. 365664)

[ view plain ]
MARC details
000 -LEADER
fixed length control field 00610nam a22001937a 4500
003 - CONTROL NUMBER IDENTIFIER
control field 0
005 - DATE AND TIME OF LATEST TRANSACTION
control field 20231123110224.0
008 - FIXED-LENGTH DATA ELEMENTS--GENERAL INFORMATION
fixed length control field 231123b xxu||||| |||| 00| 0 eng d
020 ## - INTERNATIONAL STANDARD BOOK NUMBER
International Standard Book Number 978-621-406-346-8
050 ## - LIBRARY OF CONGRESS CALL NUMBER
Classification number G 155
Item number .B36 2022
100 ## - MAIN ENTRY--PERSONAL NAME
Personal name Banzuelo, Loida R.
245 ## - TITLE STATEMENT
Title Practicum manual : college of hospitality and tourism management
Statement of responsibility, etc Loida R. Banzuelo
260 ## - PUBLICATION, DISTRIBUTION, ETC. (IMPRINT)
Place of publication, distribution, etc Manila
Name of publisher, distributor, etc Mindshapers Co., Inc.
Date of publication, distribution, etc c2022.
300 ## - PHYSICAL DESCRIPTION
Extent xiv, 248 pages ;
Dimensions 25 cm.
504 ## - BIBLIOGRAPHY, ETC. NOTE
Bibliography, etc Includes bibliographical references.
650 ## - SUBJECT ADDED ENTRY--TOPICAL TERM
Topical term or geographic name as entry element Tourism--management.
650 ## - SUBJECT ADDED ENTRY--TOPICAL TERM
Topical term or geographic name as entry element Hospitality industry.
942 ## - ADDED ENTRY ELEMENTS (KOHA)
Source of classification or shelving scheme Library of Congress Classification
Koha item type Books
Holdings
Withdrawn status Lost status Source of classification or shelving scheme Damaged status Home library Current library Shelving location Date acquired Source of acquisition Sub Shelving location Total Checkouts Full call number Barcode Date last seen Price effective from Koha item type
    Library of Congress Classification   College Library College Library Filipiniana Section 11/23/2023 Library Fund     G 155 .B36 2022 C23163 11/23/2023 11/23/2023 Books
    Library of Congress Classification   College Library College Library Filipiniana Section 11/23/2023 Library Fund     G 155 .B36 2022 C23162 11/23/2023 11/23/2023 Books

Practicum manual : college of hospitality and tourism management

APA

Banzuelo L. R., . (2022). Practicum manual : college of hospitality and tourism management. Manila: Mindshapers Co., Inc.

Chicago

Banzuelo Loida R, . 2022. Practicum manual : college of hospitality and tourism management. Manila: Mindshapers Co., Inc.

Harvard

Banzuelo L. R., . (2022). Practicum manual : college of hospitality and tourism management. Manila: Mindshapers Co., Inc.

MLA

Banzuelo Loida R, . Practicum manual : college of hospitality and tourism management. Manila: Mindshapers Co., Inc. 2022.

  • Place hold
  • Print
  • Cite
  • Add to your cart (remove)
  • Save record
    BIBTEX Dublin Core MARCXML MARC (non-Unicode/MARC-8) MARC (Unicode/UTF-8) MARC (Unicode/UTF-8, Standard) MODS (XML) RIS
  • More searches
    Search for this title in:
    Other Libraries (WorldCat) Other Databases (Google Scholar) Online Stores (Bookfinder.com) Open Library (openlibrary.org)

Exporting to Dublin Core...

SOUTHVILLE LIBRARY

Southville International School and Colleges Library

1281 Tropical Ave. Cor. Luxembourg St., BF Homes International, Las Pinas City

Tel. No. 8256374 / 252358 Loc. 117/146

Powered by Koha